<?xml version="1.0" encoding="UTF-8"?><?xml-stylesheet type="text/xsl" href="static/style.xsl"?><OAI-PMH xmlns="http://www.openarchives.org/OAI/2.0/" xmlns:xsi="http://www.w3.org/2001/XMLSchema-instance" xsi:schemaLocation="http://www.openarchives.org/OAI/2.0/ http://www.openarchives.org/OAI/2.0/OAI-PMH.xsd"><responseDate>2026-04-27T21:54:42Z</responseDate><request verb="GetRecord" identifier="oai:uvadoc.uva.es:10324/77498" metadataPrefix="marc">https://uvadoc.uva.es/oai/request</request><GetRecord><record><header><identifier>oai:uvadoc.uva.es:10324/77498</identifier><datestamp>2025-09-19T11:10:08Z</datestamp><setSpec>com_10324_38</setSpec><setSpec>col_10324_852</setSpec></header><metadata><record xmlns="http://www.loc.gov/MARC21/slim" xmlns:doc="http://www.lyncode.com/xoai" xmlns:xsi="http://www.w3.org/2001/XMLSchema-instance" xmlns:dcterms="http://purl.org/dc/terms/" xsi:schemaLocation="http://www.loc.gov/MARC21/slim http://www.loc.gov/standards/marcxml/schema/MARC21slim.xsd">
<leader>00925njm 22002777a 4500</leader>
<datafield tag="042" ind1=" " ind2=" ">
<subfield code="a">dc</subfield>
</datafield>
<datafield tag="720" ind1=" " ind2=" ">
<subfield code="a">Lambás Vivancos, Marta</subfield>
<subfield code="e">author</subfield>
</datafield>
<datafield tag="260" ind1=" " ind2=" ">
<subfield code="c">2025</subfield>
</datafield>
<datafield tag="520" ind1=" " ind2=" ">
<subfield code="a">En este trabajo se establece lo que se entiende por sistema electoral, así como los &#xd;
elementos determinantes del mismo. A continuación, se aborda el estudio de los métodos &#xd;
de reparto de escaños, un aspecto fundamental en el diseño y funcionamiento de los &#xd;
sistemas electorales.   &#xd;
Posteriormente, se simula el reparto de escaños entre los diferentes partidos políticos en &#xd;
las Elecciones Generales celebradas en España en julio de 2023 utilizando los los principales &#xd;
métodos de reparto estudiados, y se analiza la desproporcionalidad que se observa con la &#xd;
aplicación de cada una de sus reglas.</subfield>
</datafield>
<datafield tag="024" ind2=" " ind1="8">
<subfield code="a">https://uvadoc.uva.es/handle/10324/77498</subfield>
</datafield>
<datafield ind1=" " ind2=" " tag="653">
<subfield code="a">Elecciones - España</subfield>
</datafield>
<datafield tag="245" ind1="0" ind2="0">
<subfield code="a">Reparto de escaños</subfield>
</datafield>
</record></metadata></record></GetRecord></OAI-PMH>